Steps to Christ activity book / (Record no. 25237)
[ view plain ]
| 000 -LEADER | |
|---|---|
| fixed length control field | 01581cam a2200277Ii 4500 |
| 001 - CONTROL NUMBER | |
| control field | 1136855275 |
| 003 - CONTROL NUMBER IDENTIFIER | |
| control field | AUA |
| 005 - DATE AND TIME OF LATEST TRANSACTION | |
| control field | 20260208125520.0 |
| 008 - FIXED-LENGTH DATA ELEMENTS--GENERAL INFORMATION | |
| fixed length control field | 200117s2019 mduag j 000 0 eng d |
| 020 ## - INTERNATIONAL STANDARD BOOK NUMBER | |
| International Standard Book Number | 9780828028585 |
| 020 ## - INTERNATIONAL STANDARD BOOK NUMBER | |
| International Standard Book Number | 0828028583 |
| 035 ## - SYSTEM CONTROL NUMBER | |
| System control number | (OCoLC)1136855275 |
| 040 ## - CATALOGING SOURCE | |
| Original cataloging agency | EXN |
| Language of cataloging | eng |
| Transcribing agency | EXN |
| Modifying agency | EXN |
| 049 ## - LOCAL HOLDINGS (OCLC) | |
| Holding library | EXNh |
| 090 ## - LOCALLY ASSIGNED LC-TYPE CALL NUMBER (OCLC); LOCAL CALL NUMBER (OCLC) | |
| Classification number (OCLC) (R) ; Classification number, CALL (RLIN) (NR) | BV1475.3 |
| Local cutter number (OCLC) ; Book number/undivided call number, CALL (RLIN) | .M48 2019 |
| 100 1# - MAIN ENTRY--PERSONAL NAME | |
| Personal name | Mfune, Saustin Sampson, |
| Relator term | author. |
| 245 10 - TITLE STATEMENT | |
| Title | Steps to Christ activity book / |
| Statement of responsibility, etc | by Saustin Sampson Mfune. |
| 300 ## - PHYSICAL DESCRIPTION | |
| Extent | 136 pages : |
| Other physical details | color illustrations, music ; |
| Dimensions | 27 cm. |
| 520 ## - SUMMARY, ETC. | |
| Summary, etc | The Steps to Christ Activity Book is based on the book Steps to Christ by Ellen G. White. Each chapter includes a summary of the original chapter's content and several activities to help the young reader grasp the main ideas. Although it has been prepared with the elementary age group in mind, all ages will enjoy navigating through the activities of this book. This interactive approach gives a new way of enjoying a book which has been translated into more than 165 languages, with several million copies in print. It is suitable for family worship, schools, Sabbath activities, Children and Youth Camps, and other settings. -- back cover. |
| 600 10 - SUBJECT ADDED ENTRY--PERSONAL NAME | |
| Personal name | White, Ellen G., |
| Dates associated with a name | 1827-1915. |
| Title of a work | Steps to Christ. |
| 650 #0 - SUBJECT ADDED ENTRY--TOPICAL TERM | |
| Topical term or geographic name as entry element | Christian education of children |
| General subdivision | Activity programs. |
| 650 #0 - SUBJECT ADDED ENTRY--TOPICAL TERM | |
| Topical term or geographic name as entry element | Religious education of children |
| General subdivision | Activity programs. |
| 650 #0 - SUBJECT ADDED ENTRY--TOPICAL TERM | |
| Topical term or geographic name as entry element | Children |
| General subdivision | Religious life. |
| 650 #0 - SUBJECT ADDED ENTRY--TOPICAL TERM | |
| Topical term or geographic name as entry element | Christian life |
| General subdivision | Seventh-day Adventist authors. |
| 942 ## - ADDED ENTRY ELEMENTS (KOHA) | |
| Source of classification or shelving scheme | Library of Congress Classification |
| Koha item type | Ellen G. White Estate Branch Office |
| Classification part | BV1474.3 |
| Item part | .M48 2024 |
| Withdrawn status | Lost status | Source of classification or shelving scheme | Damaged status | Not for loan | Collection code | Home library | Current library | Shelving location | Date acquired | Serial Enumeration / chronology | Total Checkouts | Full call number | Date last seen | Price effective from | Koha item type |
|---|---|---|---|---|---|---|---|---|---|---|---|---|---|---|---|
| Library of Congress Classification | Books | Judith Thomas Library | Judith Thomas Library | EGW Estate Branch Office | 27/10/2025 | 1309 | BV1474.3 .M48 2024 | 27/10/2025 | 27/10/2025 | Books |